Biblioteca

God is at work. (Registro nro. 63808)

Detalles MARC
000 -LÍDER
Campo fijo de descripción fija 01625pam a2200361 i 4500
001 - NÚMERO DE CONTROL
Campo de control 60393340
003 - IDENTIFICADOR DEL NÚMERO DE CONTROL
Campo de control CO-MdFUSB
005 - FECHA Y HORA DE LA ULTIMA TRANSACCIÓN
control field 20240618062719.0
008 - ELEMENTOS DE LONGITUD FIJA -- INFORMACIÓN GENERAL
Campo fijo de descripción fija -- Información general 050509t2005 cau b 000 0 eng
010 ## - NÚMERO DE CONTROL DE LA BIBLIOTECA DEL CONGRESO
Número de control LC 2005013407
020 ## - NÚMERO INTERNACIONAL NORMALIZADO PARA LIBROS
Número Internacional Normalizado del libro 0830738061
020 ## - NÚMERO INTERNACIONAL NORMALIZADO PARA LIBROS
Número Internacional Normalizado del libro 9780830738069
040 ## - FUENTE DE CATALOGACIÓN
Agencia de catalogación original CO-MdFUSB
Agencia que realiza la transcripción CO-MdFUSB
Agencia que realiza la modificación BAKER
-- BTCTA
-- YDXCP
-- UtOrBLW
Idioma de catalogación spa
Convenciones de la descripción rda
041 ## - CÓDIGO DE IDIOMA
Código de idioma para texto/pista de sonido o título separado spa
082 ## - NÚMERO DE CLASIFICACIÓN DECIMAL DEWEY
Número de la edición del Dewey 22
Número de clasificación G 261.85
Clave de autor-Numero de item EL37g
100 1# - ASIENTO PRINCIPAL--NOMBRE PERSONAL
Nombre personal Eldred, Kenneth A.,
Fechas asociadas con el nombre 1943-
Término relacionador autor
245 10 - TÍTULO
Título del Material God is at work.
Mención de responsabilidad, etc. / Ken Eldred.
246 ## - FORMA VARIANTE DEL TITULO
Parte restante del título transforming people and nations trough business
264 #1 - PRODUCCIÓN, PUBLICACIÓN, DISTRIBUCIÓN, MANUFACTURA, Y COPYRIGHT
Lugar de producción, publicación, distribución, manufactura California, Estados Unidos :
Nombre del productor, publicador, distribuidor Manna Ventures,
Fecha de producción, publicación, distribución, manufactura, o copyright [2005]
264 #4 - PRODUCCIÓN, PUBLICACIÓN, DISTRIBUCIÓN, MANUFACTURA, Y COPYRIGHT
Fecha de producción, publicación, distribución, manufactura, o copyright © 2005
300 ## - DESCRIPCIÓN FÍSICA
Extensión 336 páginas. ;
Dimensiones 24 cm.
336 ## - TIPO DE CONTENIDO
Fuente rdacontent
Término de tipo de contenido texto
Código de tipo de contenido txt
337 ## - TIPO DE MEDIO
Fuente rdamedia
Nombre del tipo de medio sin mediación
Código del tipo de medio n
338 ## - TIPO DE SOPORTE
Fuente rdacarrier
Nombre del tipo de soporte volumen
Código Tipo de soporte nc
505 0# - NOTA DE CONTENIDO
Nota de contenido con formato preestablecido Silicon Valley a Bombay. -- El negocio como estrategia emergente de misiones. -- Definición del negocio del reino. .-- Capitalismo exitoso y principios bíblicos. -- Capital espiritual. -- Gobierno, cultura y negocios del reino. -- Perspectiva histórica del negocio en misiones. -- Objetivos comerciales del reino y enfoques. -- Rol del enfoque comercial de cada reino. -- Desarrollo de microempresas (MED). -- Pequeñas y medianas empresas (PYME). -- Capital privado extranjero (OPE). -- Tendencias actuales y visiones escandalosas. -- Realizando la visión comercial del reino de Dios.
563 ## - NOTA DE ENCUADERNACIÓN
Nota de encuadernación Rústico
650 #0 - ASIENTO SECUNDARIO DE MATERIA - TERMINO TEMÁTICO
9 (RLIN) 1199
Término temático o nombre geográfico como elemento de entrada Cristianismo y economía
650 #0 - ASIENTO SECUNDARIO DE MATERIA - TERMINO TEMÁTICO
Término temático o nombre geográfico como elemento de entrada Misiones
9 (RLIN) 154
653 ## - TÉRMINO DE INDIZACIÓN - NO CONTROLADO
Término no controlado Negocios
942 ## - TIPO DE MATERIAL (KOHA)
Tipo de Item KOHA Libros General
945 ## - INFORMACIÓN LOCAL DEL REGISTRO
Catalogador JTF-925
Existencias
Estado de Material Estado de Perdido Forma de Clasificación Estado de Dañado No para Préstamo Colección Biblioteca de Origen Biblioteca Permanente Fecha de Adquisición Área Total de Préstamos Total de Renovaciones Signatura Topográfica Código de Barras Última vez visto Última vez Préstado Ejemplar/Existencia Fecha de Remplazo Tipo de Material
    Dewey Decimal Classification     Colección TID Biblioteca FUSBC Biblioteca FUSBC 07/02/2017 TEOLOGÍA SOCIAL 1 3 G 261.85 EL37g 21976 12/12/2019 07/02/2017 Ej. 1 07/02/2017 Libros General

Biblioteca FUSBC | Teléfono: (57+4) 349 88 10 Ext. 141| WhatsApp (+57) 3005338115 
E-mail: biblioteca@unisbc.edu.co | Calle 76 87-14 Robledo Palenque, Medellín, Colombia

Con tecnología Koha